Les pays contentant le plus de protestants (entre 90 % et 100 %) - Statistiques

Statistiques générales
  • Ce quiz a été pris 91 fois
  • Le résultat moyen est 2 sur 2
Statistiques - réponses
Hint Réponse % Correct
91,87 % Norvège
90%
93,70 % Islande
79%
Aucun quiz correspondant
Distribution des résultats
% des personnes avec chaque résultat
Percentile par nombre de réponses
Votre historique - résultats
Vous n’avez pas pris ce quiz